000 01137cam a2200265 a 4500
001 1139
005 20230803135026.0
008 061114s2007 nyua j 000 0 eng
040 _aDLC
_cDLC
_beng
050 0 0 _aQH541.5.C7
_bG53 2007
082 0 0 _a577.7/89
_222
100 1 _aGibbons, Gail.
245 1 0 _aCoral reefs /
_cby Gail Gibbons.
250 _a1st ed.
260 _aNew York :
_bHoliday House,
_c2007.
300 _a32 pages :
_bcololor illustrations ;
_c25 x 29 cm.
505 _aQ
520 _aMarine biologists believe coral reefs existed 400 million years ago, when dinosaurs roamed the earth. Today this active environment is home to about 20,000 kinds of brilliantly coloured corals, plants, and animals-more sea creatures than are found anywhere else in the world. The Great Barrier Reef in Australia is so large that astronauts can see it from outer space...
521 _a920
_bLexile
521 _aQ
_bRaz-Plus
650 0 _aCoral reef ecology
_vJuvenile literature.
650 0 _aCoral reefs and islands
_vJuvenile literature.
906 _a7
_bcbc
_corignew
_d1
_eecip
_f20
_gy-gencatlg
942 _2ddc
_cBK
_n0
999 _c1139
_d1139